<?xml version="1.0" encoding="UTF-8"?>
<collection xmlns="http://www.loc.gov/MARC21/slim">
 <record>
  <leader>01737nam a2200349   4500</leader>
  <controlfield tag="001">000024061</controlfield>
  <controlfield tag="003">20540</controlfield>
  <controlfield tag="005">20160928090930.0</controlfield>
  <controlfield tag="008">160927s2012                        viesd</controlfield>
  <datafield tag="020" ind1=" " ind2=" ">
   <subfield code="c">55000đ</subfield>
  </datafield>
  <datafield tag="041" ind1="0" ind2=" ">
   <subfield code="a">vie</subfield>
  </datafield>
  <datafield tag="082" ind1="1" ind2="4">
   <subfield code="a">612.8</subfield>
   <subfield code="b">TA-L</subfield>
  </datafield>
  <datafield tag="100" ind1="1" ind2=" ">
   <subfield code="a">Tạ Thúy Lan</subfield>
  </datafield>
  <datafield tag="245" ind1="1" ind2="0">
   <subfield code="a">Sinh lí học thần kinh</subfield>
   <subfield code="c">Tạ Thúy Lan</subfield>
   <subfield code="n">Tập 2</subfield>
   <subfield code="p">Sinh lí hoat động thần kinh cấp cao</subfield>
  </datafield>
  <datafield tag="246" ind1="3" ind2=" ">
   <subfield code="a">Sinh lý học thần kinh</subfield>
  </datafield>
  <datafield tag="250" ind1=" " ind2=" ">
   <subfield code="a">Tái bản lần thứ 2</subfield>
  </datafield>
  <datafield tag="260" ind1=" " ind2=" ">
   <subfield code="a">H.</subfield>
   <subfield code="b">Đại học Sư phạm</subfield>
   <subfield code="c">2012</subfield>
  </datafield>
  <datafield tag="300" ind1=" " ind2=" ">
   <subfield code="a">303 tr.</subfield>
   <subfield code="b">hình</subfield>
   <subfield code="c">24 cm.</subfield>
  </datafield>
  <datafield tag="520" ind1=" " ind2="3">
   <subfield code="a">Lịch sử nghiên cứu về hoạt động thần kinh cấp cao. Hoạt động phản xạ của não bộ. Ức chế phản xạ có điều kiện. Đường liên hệ thần kinh tạm thời ở các Nơron - cơ sở sinh học phân tử của đường liên hệ thần kinh tạm thời. Các quy luật hoạt động thần kinh cấp cao. Các hệ thống tín hiệu - các loại hình thần kinh. Cảm xúc và hành vi. Trí nhớ. Cơ sở di truyền của hoạt động hành vi.</subfield>
  </datafield>
  <datafield tag="650" ind1="0" ind2="4">
   <subfield code="a">Hệ thần kinh</subfield>
   <subfield code="x">Sinh lý học</subfield>
  </datafield>
  <datafield tag="653" ind1=" " ind2=" ">
   <subfield code="a">Thần kinh cấp cao</subfield>
  </datafield>
  <datafield tag="773" ind1=" " ind2=" ">
   <subfield code="b">In lần thứ tư</subfield>
   <subfield code="d">Đại học Sư phạm</subfield>
   <subfield code="d">H.</subfield>
   <subfield code="d">2015</subfield>
   <subfield code="t">Sinh lí học thần kinh</subfield>
   <subfield code="w">20529</subfield>
  </datafield>
  <datafield tag="OWN" ind1=" " ind2=" ">
   <subfield code="a">LSP</subfield>
  </datafield>
  <datafield tag="AVA" ind1=" " ind2=" ">
   <subfield code="a">UDN50</subfield>
   <subfield code="b">LSP</subfield>
   <subfield code="d">612.8 TA-L</subfield>
   <subfield code="e">check_holdings</subfield>
   <subfield code="t">Error 5003 Not defined in file expand_doc_bib_avail.</subfield>
   <subfield code="h">N</subfield>
   <subfield code="k">1</subfield>
  </datafield>
  <datafield tag="999" ind1=" " ind2=" ">
   <subfield code="a">From the UDN01</subfield>
  </datafield>
  <datafield tag="AVA" ind1=" " ind2=" ">
   <subfield code="a">UDN50</subfield>
   <subfield code="b">LSP</subfield>
   <subfield code="d">612.8 TA-L</subfield>
   <subfield code="e">available</subfield>
   <subfield code="t">Error 5001 Not defined in file expand_doc_bib_avail.</subfield>
   <subfield code="f">30</subfield>
   <subfield code="g">2</subfield>
   <subfield code="h">N</subfield>
   <subfield code="i">20</subfield>
   <subfield code="k">1</subfield>
  </datafield>
  <datafield tag="TYP" ind1=" " ind2=" ">
   <subfield code="a">Monograph</subfield>
  </datafield>
  <datafield tag="TYP" ind1=" " ind2=" ">
   <subfield code="a">Printed language</subfield>
  </datafield>
  <datafield tag="980" ind1=" " ind2=" ">
   <subfield code="a">Mạng thư viện Đại học Đà Nẵng</subfield>
  </datafield>
 </record>
</collection>
